[Event "Dimitrovgrad Chmp. 2012 open"]
[Site "Dimitrovgrad"]
[Date "2012.02.24"]
[Round "7"]
[White "Akimov, Gennadiy"]
[Black "Gilmatdinov, Rashit"]
[Result "1-0"]
[WhiteElo "1943"]
[BlackElo "1594"]
[PlyCount "69"]

1. e4 c5 2. c3 d6 3. Nf3 Nf6 4. Qc2 Bg4 5. Be2 Nbd7 6. O-O a6 7. d4 cxd4 8.
cxd4 Rc8 9. Nc3 e6 10. Ng5 Bxe2 11. Qxe2 h6 12. Nf3 Be7 13. e5 dxe5 14. dxe5
Nd5 15. Nxd5 exd5 16. e6 Nf6 17. exf7+ Kxf7 18. Ne5+ Kg8 19. Ng6 Bd6 20. Qe6+
Kh7 21. Qf5 Re8 22. Ne7+ Kh8 23. Nxc8 Qxc8 24. Qg6 Re4 25. h3 Qe6 26. Bd2 Qe5
27. g3 Qe6 28. Rae1 Qxh3 29. Rxe4 dxe4 30. Bc3 Qe6 31. Bxf6 gxf6 32. Qxh6+ Kg8
33. Qg6+ Kf8 34. Re1 e3 35. Rxe3 1-0

[Event "Dimitrovgrad Chmp. 2012 open"]
[Site "Dimitrovgrad"]
[Date "2012.02.24"]
[Round "7"]
[White "Hafijtullin, Gazimbek"]
[Black "Lebedev, Viktor"]
[Result "1/2-1/2"]
[WhiteElo "1778"]
[BlackElo "1722"]
[PlyCount "30"]

1. e4 d5 2. exd5 Qxd5 3. Nc3 Qd8 4. Bc4 Bf5 5. Qf3 Qc8 6. Nge2 e6 7. O-O Nf6 8.
d4 c6 9. Bf4 Be7 10. Be5 Nbd7 11. Bxf6 Nxf6 12. Bb3 O-O 13. Rfe1 a5 14. a4 Qc7
15. h3 Rad8 1/2-1/2

[Event "Dimitrovgrad Chmp. 2012 open"]
[Site "Dimitrovgrad"]
[Date "2012.02.24"]
[Round "7"]
[White "Ishpulaeva, Veronika"]
[Black "Koblik, Ekaterina"]
[Result "0-1"]
[WhiteElo "1632"]
[BlackElo "1485"]
[PlyCount "34"]

1. e4 e5 2. Nf3 Bc5 3. Bc4 Nc6 4. b4 Nxb4 5. c3 Nc6 6. d4 exd4 7. Qb3 Qf6 8.
Ng5 Ne5 9. O-O h6 10. Nh3 d6 11. Nf4 c6 12. Rd1 dxc3 13. Nxc3 g5 14. Nfe2 Qxf2+
15. Kh1 Bh3 16. Bxf7+ Nxf7 17. gxh3 Qf3# 0-1

[Event "Dimitrovgrad Chmp. 2012 open"]
[Site "Dimitrovgrad"]
[Date "2012.02.25"]
[Round "8"]
[White "Beldyugin, Alexey"]
[Black "Ulanov, Alexandr"]
[Result "0-1"]
[WhiteElo "2050"]
[BlackElo "2337"]
[PlyCount "42"]

1. e4 c6 2. d4 d5 3. exd5 cxd5 4. Bd3 Nc6 5. c3 Qc7 6. Ne2 Bg4 7. f3 Bd7 8. Bf4
e5 9. dxe5 Nxe5 10. Qd2 Bd6 11. O-O Ne7 12. Nd4 O-O 13. Bg3 Rfe8 14. Qc2 Nxd3
15. Bxd6 Qxd6 16. Qxd3 Ng6 17. Na3 h5 18. Rad1 h4 19. Ndb5 Qb6+ 20. Kh1 a6 21.
Qxd5 Bxb5 0-1

[Event "Dimitrovgrad Chmp. 2012 open"]
[Site "Dimitrovgrad"]
[Date "2012.02.25"]
[Round "8"]
[White "Yakimkin, Igor"]
[Black "Abramov, Pavel"]
[Result "1-0"]
[WhiteElo "2208"]
[BlackElo "2095"]
[PlyCount "69"]

1. e4 c5 2. Nf3 d6 3. d4 cxd4 4. Nxd4 Nf6 5. Nc3 a6 6. h3 e6 7. g4 d5 8. exd5
Nxd5 9. Bd2 e5 10. Qe2 f6 11. Nb3 Nxc3 12. Bxc3 Be7 13. Qe4 Be6 14. Bg2 Nc6 15.
O-O g5 16. Qe2 Kf7 17. Rfe1 Qc7 18. Nd2 h5 19. gxh5 Rag8 20. Ne4 g4 21. Ng3
gxh3 22. Bf3 Bd6 23. Rad1 b5 24. a3 Ne7 25. Kh1 Bc4 26. Qe4 Rg5 27. Qb7 Qxb7
28. Bxb7 Bb8 29. Bb4 Ba7 30. Rd7 Re8 31. Ne4 Rxh5 32. Nd6+ Ke6 33. Nxe8 Bxf2
34. Rxe7+ Kf5 35. Ng7+ 1-0

[Event "Dimitrovgrad Chmp. 2012 open"]
[Site "Dimitrovgrad"]
[Date "2012.02.25"]
[Round "8"]
[White "Ulanov, Sergei"]
[Black "Akimov, Gennadiy"]
[Result "1-0"]
[WhiteElo "2132"]
[BlackElo "1943"]
[PlyCount "113"]

1. d4 f5 2. e4 fxe4 3. Nc3 Nf6 4. Bg5 e6 5. Nxe4 Be7 6. Ng3 c5 7. Bxf6 Bxf6 8.
Qh5+ g6 9. Qxc5 d6 10. Qc4 O-O 11. c3 d5 12. Qb3 Nc6 13. Nf3 e5 14. dxe5 Nxe5
15. Nxe5 Bxe5 16. Bd3 Bxg3 17. hxg3 Qe7+ 18. Kf1 Qe3 19. Qc2 Qxg3 20. Re1 Bd7
21. Kg1 Qg5 22. c4 d4 23. Be4 Rae8 24. Bd5+ Kg7 25. Rd1 Bg4 26. Qd2 Rf4 27. f3
Bc8 28. Be4 Rd8 29. Qf2 Qe5 30. g3 Rf7 31. Bd5 Rf6 32. Kg2 b5 33. b3 bxc4 34.
bxc4 Be6 35. Rhe1 Qd6 36. Qxd4 Bxd5 37. cxd5 Rd7 38. Re2 Kf7 39. Qe4 Re7 40.
Qd3 Rxe2+ 41. Qxe2 Rf5 42. Qc4 Re5 43. Rd2 Re7 44. Rd4 g5 45. Rd2 h5 46. Qc8
Re5 47. Qh8 g4 48. Qh7+ Kf8 49. fxg4 hxg4 50. Rf2+ Ke8 51. Qg8+ Kd7 52. Rf7+
Re7 53. Qxg4+ Kd8 54. Rf8+ Kc7 55. Qc4+ Kb6 56. Rc8 Rc7 57. Rxc7 1-0

[Event "Dimitrovgrad Chmp. 2012 open"]
[Site "Dimitrovgrad"]
[Date "2012.02.25"]
[Round "8"]
[White "Abramov, Sergey"]
[Black "Rusakov, Vladimir"]
[Result "0-1"]
[WhiteElo "2012"]
[BlackElo "2020"]
[PlyCount "68"]
[EventDate "2012.??.??"]

1. Nf3 d5 2. d4 Bg4 3. c4 Nc6 4. cxd5 Bxf3 5. gxf3 Qxd5 6. e3 e5 7. Nc3 Bb4 8.
Bd2 Bxc3 9. bxc3 Nf6 10. Be2 O-O 11. c4 Qd6 12. d5 Ne7 13. e4 Nd7 14. Rb1 b6
15. O-O Nc5 16. Be3 f5 17. Rb5 fxe4 18. Bxc5 bxc5 19. fxe4 Rf4 20. Bd3 Ng6 21.
Rb7 Nh4 22. Kh1 Raf8 23. Rxa7 Qh6 24. f3 Nxf3 25. Rf2 Rh4 26. Qe2 Qf4 27. Rg2
Qc1+ 28. Qf1 Qh6 29. Qe2 Rxe4 30. Rxc7 Rxe2 31. Rgxg7+ Kh8 32. Rxh7+ Qxh7 33.
Rxh7+ Kg8 34. Bxe2 Kxh7 0-1

[Event "Dimitrovgrad Chmp. 2012 open"]
[Site "Dimitrovgrad"]
[Date "2012.02.25"]
[Round "8"]
[White "Skulkin, Nikolay"]
[Black "Lazutin, Valerij"]
[Result "0-1"]
[WhiteElo "1814"]
[BlackElo "1971"]
[PlyCount "56"]

1. e4 c6 2. c4 d5 3. exd5 cxd5 4. d4 Nc6 5. Nc3 Nf6 6. Be2 e6 7. Nf3 Be7 8. O-O
O-O 9. Be3 a6 10. Ne5 Bd7 11. a4 Rc8 12. a5 dxc4 13. Nxc4 Nb4 14. Ne5 Nbd5 15.
Qb3 b5 16. Bf3 Nxe3 17. fxe3 b4 18. Ne4 Bb5 19. Rfc1 Nd5 20. Kf2 f5 21. Rxc8
Qxc8 22. Nc5 f4 23. e4 Bxc5 24. dxc5 Qxc5+ 25. Ke1 Qg1+ 26. Kd2 Qf2+ 27. Kd1
Ne3+ 28. Kc1 Rc8+ 0-1

[Event "Dimitrovgrad Chmp. 2012 open"]
[Site "Dimitrovgrad"]
[Date "2012.02.25"]
[Round "8"]
[White "Bezvitelnov, Dmitriy"]
[Black "Alyev, Timur"]
[Result "1/2-1/2"]
[WhiteElo "1780"]
[BlackElo "1667"]
[PlyCount "76"]

1. d4 c5 2. d5 d6 3. e4 e5 4. Nc3 f5 5. Bd3 fxe4 6. Nxe4 Be7 7. Be3 Nd7 8. Qh5+
g6 9. Qf3 Ngf6 10. Nxf6+ Nxf6 11. Bb5+ Bd7 12. Bxd7+ Qxd7 13. O-O-O b5 14. Nh3
h6 15. Qg3 Qf5 16. f3 g5 17. Nf2 Rg8 18. Ng4 Nxg4 19. fxg4 Qg6 20. Rhf1 Kd7 21.
Rf5 Bf6 22. Qf2 Be7 23. Qe2 a6 24. Rdf1 Rgf8 25. Rxf8 Bxf8 26. Rf5 Be7 27. Qf2
Qg8 28. Qf3 Rf8 29. b3 Qg7 30. Rxf8 Qxf8 31. Qxf8 Bxf8 32. Kd2 Bg7 33. Kd3 Ke7
34. Ke4 Kf6 35. c4 b4 36. g3 Bf8 37. h4 Be7 38. Bc1 a5 1/2-1/2

[Event "Dimitrovgrad Chmp. 2012 open"]
[Site "Dimitrovgrad"]
[Date "2012.02.25"]
[Round "8"]
[White "Abbasov, Orudj"]
[Black "Plychek, Viktor"]
[Result "1-0"]
[WhiteElo "1703"]
[BlackElo "1838"]
[PlyCount "43"]

1. e4 e5 2. d4 exd4 3. Bc4 Bb4+ 4. c3 dxc3 5. bxc3 Bd6 6. Nf3 Nc6 7. O-O Be7 8.
Qd5 Nh6 9. Bxh6 O-O 10. Bg5 h6 11. Bxe7 Qxe7 12. Re1 d6 13. h3 Be6 14. Qd3 Rad8
15. Bb3 a6 16. Nbd2 Na5 17. Nd4 c5 18. Nxe6 fxe6 19. Bc2 e5 20. Nc4 Nc6 21. Ne3
b5 22. Qd5+ 1-0

[Event "Dimitrovgrad Chmp. 2012 open"]
[Site "Dimitrovgrad"]
[Date "2012.02.25"]
[Round "8"]
[White "Koblik, Ekaterina"]
[Black "Hafijtullin, Gazimbek"]
[Result "0-1"]
[WhiteElo "1485"]
[BlackElo "1778"]
[PlyCount "72"]

1. e4 e5 2. Bc4 Bc5 3. Nf3 Nc6 4. c3 Nf6 5. d4 exd4 6. cxd4 Bb4+ 7. Bd2 d5 8.
exd5 Bxd2+ 9. Nbxd2 Nxd5 10. O-O Be6 11. Re1 O-O 12. Nb3 b6 13. Ne5 Nxe5 14.
Rxe5 c6 15. Qf3 Qd7 16. Rae1 a5 17. a4 Rad8 18. Nc1 b5 19. Bb3 bxa4 20. Bxa4
Nb4 21. Rxa5 Qxd4 22. Qc3 Qd2 23. Re2 Qxc3 24. bxc3 Nd5 25. Rc5 Nb6 26. Bc2 Rd6
27. Nd3 Na4 28. Ra5 Nxc3 29. Re3 Nb5 30. Nc5 Nd4 31. Nxe6 Nxc2 32. Re1 fxe6 33.
Rc1 Nd4 34. Ra2 c5 35. Kf1 Rc8 36. Rd2 e5 0-1

[Event "Dimitrovgrad Chmp. 2012 open"]
[Site "Dimitrovgrad"]
[Date "2012.02.25"]
[Round "8"]
[White "Lebedev, Viktor"]
[Black "Gilmatdinov, Rashit"]
[Result "1-0"]
[WhiteElo "1722"]
[BlackElo "1594"]
[PlyCount "93"]

1. d4 Nf6 2. Nf3 g6 3. Bg5 Bg7 4. c3 d5 5. e3 O-O 6. Bd3 b6 7. O-O Ba6 8. Bxa6
Nxa6 9. Nbd2 c5 10. Qa4 Nc7 11. Ne5 b5 12. Qa5 cxd4 13. exd4 Qd6 14. f4 Ne4 15.
Nxe4 dxe4 16. Bh4 f6 17. Ng4 Rfb8 18. Bg3 f5 19. a3 fxg4 20. f5 Qb6 21. Qxb6
Rxb6 22. Bxc7 Rf6 23. fxg6 hxg6 24. Rf4 Rxf4 25. Bxf4 a5 26. Kf2 Rf8 27. Ke3
Rf5 28. Kxe4 e6 29. Re1 g5 30. Bg3 Kf7 31. Re2 Bf8 32. Rf2 Kg6 33. Rxf5 exf5+
34. Kd5 f4 35. Bf2 Kf5 36. Kc6 b4 37. axb4 axb4 38. d5 b3 39. d6 Ke6 40. Bc5
Bg7 41. d7 Bf6 42. Kc7 Kd5 43. Bd4 f3 44. gxf3 gxf3 45. Bxf6 f2 46. d8=Q+ Ke4
47. Qe8+ 1-0

[Event "Dimitrovgrad Chmp. 2012 open"]
[Site "Dimitrovgrad"]
[Date "2012.02.25"]
[Round "9"]
[White "Ulanov, Alexandr"]
[Black "Akimov, Gennadiy"]
[Result "1-0"]
[WhiteElo "2337"]
[BlackElo "1943"]
[PlyCount "59"]

1. d4 f5 2. Nf3 Nf6 3. c4 e6 4. g3 Bb4+ 5. Bd2 Bxd2+ 6. Nbxd2 O-O 7. Bg2 c6 8.
c5 b6 9. O-O bxc5 10. dxc5 Na6 11. Qc2 Qe7 12. Rac1 Nd5 13. a3 e5 14. e4 fxe4
15. Nxe4 Nf6 16. Nd6 Nc7 17. Rfe1 e4 18. Ng5 Ne6 19. Nf5 Qe8 20. Nd6 Qg6 21.
Nxe6 dxe6 22. Nxe4 Nd5 23. Nd6 Qf6 24. b4 a6 25. Qd2 Bd7 26. f4 h6 27. Re5 Rad8
28. Rce1 g6 29. Bh3 g5 30. fxg5 1-0

[Event "Dimitrovgrad Chmp. 2012 open"]
[Site "Dimitrovgrad"]
[Date "2012.02.25"]
[Round "9"]
[White "Ulanov, Sergei"]
[Black "Yakimkin, Igor"]
[Result "0-1"]
[WhiteElo "2132"]
[BlackElo "2208"]
[PlyCount "60"]

1. d4 Nf6 2. Nf3 g6 3. Nc3 d5 4. Bf4 Bg7 5. e3 O-O 6. h3 c6 7. Bd3 Nbd7 8. O-O
Re8 9. Bh2 b6 10. e4 dxe4 11. Nxe4 Bb7 12. Re1 Rc8 13. c4 Nxe4 14. Bxe4 Nf6 15.
Bd3 e6 16. b4 c5 17. dxc5 bxc5 18. b5 Nh5 19. Rb1 e5 20. Be4 Bxe4 21. Rxe4 f5
22. Re2 e4 23. Rd2 Qa5 24. Ne1 Rcd8 25. Rd5 Nf6 26. Rxd8 Rxd8 27. Qb3 Rd2 28.
a4 Nh5 29. g4 Bd4 30. gxh5 Rxf2 0-1

[Event "Dimitrovgrad Chmp. 2012 open"]
[Site "Dimitrovgrad"]
[Date "2012.02.25"]
[Round "9"]
[White "Rusakov, Vladimir"]
[Black "Beldyugin, Alexey"]
[Result "1-0"]
[WhiteElo "2020"]
[BlackElo "2050"]
[PlyCount "56"]

1. e4 Nc6 2. d4 d5 3. e5 Bf5 4. Ne2 Qd7 5. Ng3 Bg6 6. h4 f6 7. h5 Bf7 8. f4 g5
9. fxg5 fxe5 10. dxe5 Bg7 11. Bf4 Bxe5 12. Bxe5 Nxe5 13. Qd4 Qe6 14. Be2 b6 15.
O-O O-O-O 16. Rxf7 c5 17. Qe3 Qxf7 18. Qxe5 Nf6 19. gxf6 exf6 20. Ba6+ Kd7 21.
Qf5+ Kc6 22. Nc3 Rhg8 23. Qf3 Qe6 24. Rd1 Rg5 25. Bc4 Rdg8 26. Nxd5 Rxg3 27.
Ne7+ Kc7 28. Qf4+ Qe5 1-0

[Event "Dimitrovgrad Chmp. 2012 open"]
[Site "Dimitrovgrad"]
[Date "2012.02.25"]
[Round "9"]
[White "Abramov, Pavel"]
[Black "Lazutin, Valerij"]
[Result "1-0"]
[WhiteElo "2095"]
[BlackElo "1971"]
[PlyCount "109"]

1. c4 e6 2. Nc3 d5 3. e3 Nf6 4. Nf3 c6 5. Qc2 Bd6 6. g4 Nbd7 7. g5 Ng8 8. h4
Ne7 9. b3 Ne5 10. Nxe5 Bxe5 11. f4 Bd6 12. Bb2 d4 13. Ne4 Nf5 14. c5 Bc7 15.
O-O-O Bd7 16. Qd3 Qe7 17. Nd6+ Bxd6 18. cxd6 Qxd6 19. e4 Ne7 20. Qxd4 Qxd4 21.
Bxd4 Rg8 22. h5 c5 23. Bb2 Bc6 24. Bg2 O-O-O 25. Ba3 b6 26. d4 Nf5 27. exf5
Bxg2 28. Rh2 Be4 29. fxe6 fxe6 30. dxc5 Kb7 31. Kb2 Rd5 32. cxb6 axb6 33. Bb4
g6 34. h6 Rgd8 35. Rc1 R8d7 36. Re1 Bf5 37. Ree2 Rd1 38. Rd2 R1xd2+ 39. Bxd2
Rd5 40. Bc3 b5 41. Be5 Rd1 42. Kc3 Kc6 43. Kb4 Rd3 44. Rh1 Rd5 45. Rc1+ Kb6 46.
Rc8 Bb1 47. Rh8 Rd7 48. Bg7 Bxa2 49. Rxh7 Rd3 50. Bc3 Rf3 51. Rf7 e5 52. h7 Rh3
53. fxe5 Kc6 54. e6 Kd6 55. h8=Q 1-0

[Event "Dimitrovgrad Chmp. 2012 open"]
[Site "Dimitrovgrad"]
[Date "2012.02.25"]
[Round "9"]
[White "Hafijtullin, Gazimbek"]
[Black "Abbasov, Orudj"]
[Result "1/2-1/2"]
[WhiteElo "1778"]
[BlackElo "1703"]
[PlyCount "167"]

1. e4 c5 2. c4 Nc6 3. g3 g6 4. Bg2 Bg7 5. Ne2 d6 6. Nbc3 Nf6 7. O-O O-O 8. a3
Be6 9. d3 Qc8 10. Nf4 Bg4 11. f3 Bd7 12. Rb1 h6 13. Be3 g5 14. Nfd5 Bh3 15. b4
Bxg2 16. Kxg2 Nxd5 17. cxd5 Nxb4 18. axb4 Bxc3 19. bxc5 dxc5 20. Rc1 Bb4 21. d4
c4 22. Qa4 a5 23. Qb5 c3 24. Rc2 Qc7 25. h4 gxh4 26. gxh4 Kh7 27. d6 Qxd6 28.
Qf5+ Qg6+ 29. Qxg6+ fxg6 30. Rb1 Rfc8 31. Kf2 Rc4 32. Ke2 Rac8 33. Kd3 R4c6 34.
d5 Rc4 35. Bd4 b5 36. Rbc1 Ba3 37. Rb1 Bb2 38. Rcxb2 cxb2 39. Rxb2 Rb4 40. Ra2
a4 41. Be5 Rb3+ 42. Ke2 Rc1 43. Kf2 a3 44. Kg2 Rcb1 45. Kg3 Rf1 46. d6 exd6 47.
Bxd6 Rbxf3+ 48. Kg2 Rf7 49. Bxa3 R1f4 50. Re2 Rxh4 51. e5 Rg4+ 52. Kh2 b4 53.
Bb2 Rf5 54. Kh3 Rff4 55. Rd2 Re4 56. Rd7+ Kg8 57. e6 Kf8 58. Bf6 Rxe6 59. Kxg4
Rxf6 60. Rb7 Rc6 61. Rxb4 Kf7 62. Rb7+ Kf6 63. Rb4 h5+ 64. Kh4 Kg7 65. Kg5 Rc5+
66. Kh4 Kf6 67. Rf4+ Rf5 68. Ra4 Rb5 69. Rf4+ Kg7 70. Ra4 Kh6 71. Ra3 Rb4+ 72.
Kh3 h4 73. Rc3 Kh5 74. Ra3 g5 75. Ra2 Rb3+ 76. Kh2 h3 77. Ra8 Kh4 78. Ra4+ g4
79. Ra1 Rb2+ 80. Kh1 h2 81. Rc1 Kh3 82. Rc3+ Kh4 83. Rh3+ Kg5 84. Rh5+ 1/2-1/2

[Event "Dimitrovgrad Chmp. 2012 open"]
[Site "Dimitrovgrad"]
[Date "2012.02.25"]
[Round "9"]
[White "Alyev, Timur"]
[Black "Lebedev, Viktor"]
[Result "1-0"]
[WhiteElo "1667"]
[BlackElo "1722"]
[PlyCount "65"]

1. e4 d5 2. exd5 Qxd5 3. Nc3 Qd8 4. Nf3 Bf5 5. Bc4 e6 6. d3 Nf6 7. O-O Be7 8.
h3 h6 9. Be3 c6 10. Ne5 Nbd7 11. f4 O-O 12. Qd2 Nb6 13. Bb3 Nbd5 14. Nxd5 Nxd5
15. Bf2 Bb4 16. c3 Ba5 17. g4 Bh7 18. Bc2 Bb6 19. Kh2 Nf6 20. Bxb6 axb6 21. Qg2
Qd5 22. Qf2 b5 23. c4 bxc4 24. dxc4 Qa5 25. Bxh7+ Nxh7 26. a3 Rad8 27. b4 Qa4
28. Qe3 Rd6 29. Ra2 Rfd8 30. g5 hxg5 31. fxg5 f6 32. gxf6 Rd1 33. f7+ 1-0

[Event "Dimitrovgrad Chmp. 2012 open"]
[Site "Dimitrovgrad"]
[Date "2012.02.25"]
[Round "9"]
[White "Plychek, Viktor"]
[Black "Skulkin, Nikolay"]
[Result "1/2-1/2"]
[WhiteElo "1838"]
[BlackElo "1814"]
[PlyCount "56"]

1. c4 Nf6 2. Nc3 g6 3. g3 Bg7 4. Bg2 c6 5. d4 d6 6. e4 O-O 7. Nge2 e5 8. d5 Na6
9. O-O Ne8 10. h3 c5 11. Bd2 f5 12. f3 Nac7 13. Qc1 Qf6 14. exf5 Bxf5 15. Ne4
Qe7 16. g4 Bxe4 17. fxe4 Rxf1+ 18. Bxf1 Nf6 19. Bg2 Kh8 20. Bg5 Qf7 21. Qe3 Rf8
22. Rf1 Qd7 23. b3 Ng8 24. Rxf8 Bxf8 25. Qf2 Bg7 26. Bd2 Nf6 27. Bg5 Ng8 28.
Bc1 Nf6 1/2-1/2

[Event "Dimitrovgrad Chmp. 2012 open"]
[Site "Dimitrovgrad"]
[Date "2012.02.25"]
[Round "9"]
[White "Gilmatdinov, Rashit"]
[Black "Ishpulaeva, Veronika"]
[Result "0-1"]
[WhiteElo "1594"]
[BlackElo "1632"]
[PlyCount "128"]

1. d4 Nf6 2. c4 e6 3. a3 c5 4. d5 b5 5. dxe6 fxe6 6. cxb5 d5 7. Nf3 Qa5+ 8. Bd2
Qxb5 9. e4 Qd7 10. exd5 exd5 11. Be2 Bd6 12. O-O O-O 13. Nc3 d4 14. Bc4+ Kh8
15. Ne2 Bb7 16. Ng3 Ng4 17. Ng5 Ne5 18. Be6 Qc6 19. Bh3 Nbd7 20. Rc1 Nd3 21.
Qc2 N7e5 22. f3 h6 23. N5e4 Nxc1 24. Qxc1 Nd3 25. Qc2 Nf4 26. Bg4 Bc8 27. Bxc8
Raxc8 28. Qc1 Rce8 29. b4 Rc8 30. b5 Qb6 31. Qb1 c4 32. Nxd6 Qxd6 33. Bb4 Qe5
34. Re1 Qxb5 35. Bxf8 Qxb1 36. Bxg7+ Kxg7 37. Rxb1 c3 38. Nf5+ Kf6 39. Nxd4 c2
40. Rc1 Rc4 41. Rxc2 Rxd4 42. Kf2 Ra4 43. Rc3 Ke5 44. Re3+ Kd5 45. g3 Ne6 46.
h4 h5 47. f4 Re4 48. Rb3 Nd4 49. Rb7 a5 50. Rh7 Re2+ 51. Kf1 Ke4 52. Re7+ Kf3
53. Rxe2 Nxe2 54. f5 Nxg3+ 55. Kg1 Nxf5 56. Kh2 Nxh4 57. Kh3 Nf5 58. a4 h4 59.
Kh2 Kg4 60. Kg2 Ne3+ 61. Kf2 h3 62. Kg1 Kg3 63. Kh1 Ng4 64. Kg1 Nf2 0-1

[Event "Dimitrovgrad Chmp. 2012 open"]
[Site "Dimitrovgrad"]
[Date "2012.02.25"]
[Round "9"]
[White "Sychov, Vladimir"]
[Black "Ishpulaev, Ivan"]
[Result "1-0"]
[WhiteElo "1544"]
[BlackElo "1498"]
[PlyCount "115"]

1. e3 d5 2. c3 c5 3. h3 e5 4. Be2 e4 5. d3 f5 6. a3 Nf6 7. Nd2 Bd6 8. b4 b6 9.
Bb2 Be5 10. Qc2 Nc6 11. O-O-O cxb4 12. cxb4 Bxb2+ 13. Kxb2 Bd7 14. d4 Rc8 15.
Qb3 Be6 16. Bb5 Kf7 17. Bxc6 Rxc6 18. Ne2 Qc7 19. Rc1 Rc8 20. Rxc6 Qxc6 21. Rc1
Qb7 22. Rxc8 Qxc8 23. Qc3 g5 24. Qxc8 Bxc8 25. Ng3 h5 26. f3 h4 27. Ngf1 Ba6
28. Nh2 Ke6 29. a4 Bd3 30. Kc3 Kd6 31. a5 b5 32. Nb3 Nd7 33. Nd2 Nf6 34. Nb3
Nd7 35. Kd2 Bc4 36. Nc1 Nf6 37. Ke1 f4 38. Kf2 Ke6 39. Ne2 Kf5 40. Ng1 a6 41.
Ng4 Nh5 42. Ne5 Ng3 43. exf4 gxf4 44. Nc6 e3+ 45. Ke1 Ke6 46. Nb8 Nf5 47. Nxa6
Nxd4 48. Nc5+ Kd6 49. a6 Nc6 50. Ne2 Bxe2 51. Kxe2 d4 52. Nd3 Kc7 53. Nxf4 Nxb4
54. Ne6+ Kb6 55. Nxd4 Nxa6 56. Kxe3 b4 57. Kd3 Nc5+ 58. Kc4 1-0